Institutionalizing constitutional right : (Record no. 104300)

MARC details
000 -LEADER
fixed length control field 00914nam a22002297a 4500
005 - DATE AND TIME OF LATEST TRANSACTION
control field 20180705152740.0
010 ## - LCCN (DPL NO)
LC control number 1718EN-30 ENG-116318 B-687444-450
020 ## - INTERNATIONAL STANDARD BOOK NUMBER
International Standard Book Number 9780199461158
Terms of availability 1195.00
035 ## - SYSTEM CONTROL NUMBER
System control number EN-99850
035 ## - SYSTEM CONTROL NUMBER
System control number B-687444-450
037 ## - SOURCE OF ACQUISITION
Source of stock number/acquisition Uppal
Stock number dpl
037 ## - SOURCE OF ACQUISITION
Source of stock number/acquisition DBAD/PUB
082 04 - DEWEY DECIMAL CLASSIFICATION NUMBER
Classification number 323.154
100 ## - MAIN ENTRY--PERSONAL NAME
Personal name Shariff, Abusaleh
245 04 - TITLE STATEMENT
Title Institutionalizing constitutional right :
Statement of responsibility, etc by Abusalesh Shariff
Remainder of title post-sachar committee scenario /
260 ## - PUBLICATION, DISTRIBUTION, ETC. (IMPRINT)
Place of publication, distribution, etc New Delhi
Name of publisher, distributor, etc Oxford University press
Date of publication, distribution, etc 2016
270 ## - ADDRESS
Address YMCA Library Building,1 Jaisingh Road
City New Delhi
Postal code 110001
300 ## - PHYSICAL DESCRIPTION
Extent xxix,483p.
Dimensions 23cm(Hb)
500 ## - GENERAL NOTE
General note Includes bibliographical references and index.
942 ## - ADDED ENTRY ELEMENTS (KOHA)
Source of classification or shelving scheme Dewey Decimal Classification
Item type English Books
Classification part 323.154
Call number suffix SHA
Holdings
Withdrawn status Lost status Not for loan Collection code Home library Current library Date acquired Source of acquisition Cost, normal purchase price Full call number Barcode Copy number Cost, replacement price Koha item type
      Non-fiction Ashok Vihar Ashok Vihar 26/10/2016 DBAD/PUB 1195.00 323.154 ABU EN-99850 1 1195.00 English Books
      Non-fiction Ashok Vihar Ashok Vihar 02/07/2018 Uppal 14884 04-12-2017/691/ 20-11-2017/ 10-01-2018 1195.00 323.154 SHA B-687445 1 1195.00 English Books
      Non-fiction Bawana Bawana 02/07/2018 Uppal 14884 04-12-2017/691/ 20-11-2017/ 10-01-2018 1195.00 323.154 SHA B-687450 1 1195.00 English Books
      Non-fiction Central Library Central Library 02/07/2018 Uppal 14884 04-12-2017/691/ 20-11-2017/ 10-01-2018 1195.00 323.154 SHA B-687444 1 1195.00 English Books
      Non-fiction Janak Puri Janak Puri 02/07/2018 Uppal 14884 04-12-2017/691/ 20-11-2017/ 10-01-2018 1195.00 323.154 SHA B-687447 1 1195.00 English Books
      Non-fiction Narela Narela 02/07/2018 Uppal 14884 04-12-2017/691/ 20-11-2017/ 10-01-2018 1195.00 323.154 SHA B-687449 1 1195.00 English Books
      Non-fiction Patel Nagar Patel Nagar 02/07/2018 Uppal 14884 04-12-2017/691/ 20-11-2017/ 10-01-2018 1195.00 323.154 SHA B-687446 1 1195.00 English Books
      Non-fiction Sarojini Nagar Sarojini Nagar 02/07/2018 Uppal 14884 04-12-2017/691/ 20-11-2017/ 10-01-2018 1195.00 323.154 SHA B-687448 1 1195.00 English Books

© Delhi Public Library
Hit Counter
free hit counter